000 01101cam a22003377a 4500
003 CHAP
005 20220329141647.0
008 971013s1981 r 00010 eng d
010 _a71783
011 _a72755
035 _a82311
040 _cCHAP
090 _aFolleto 4167 No. 42
110 _aCanada. Department of Agriculture
_918180
245 1 0 _aCabbage flea beetle Phyllotreta albionica (Lec.)
260 _aCanada :
_bDepartment of Agriculture,
_c1981
300 _a2 p.
_b: ilus.
490 0 _aInsect identification sheet
_v; 42
501 _aEnc. con otros impresos similares
590 _aBATCH-UPD
_b10
_c20130110
_lUCH01
_h1727
590 _aBATCH-UPD
_b10
_c20130410
_lUCH01
_h1109
590 _aBATCH-UPD
_b10
_c20130914
_lUCH01
_h1000
590 _aCONVERSION
_b10
_c20130109
_lUCH01
_h1339
650 1 4 _aCol
_xPlagas.
_924494
650 1 4 _aInsectos
_xIdentificación.
_958929
650 1 4 _aPhyllotreta albionica.
_987885
830 0 _aInsect identification sheet
_v; 42
_958853
901 _aBK
942 _cFOLL
949 _aFolleto 4167
_bBC
_cESP
_d-36294
_eESP
_fNo.42
_i82311
_mD
_si
999 _c71783
_d71783